000
00225nam a22000857a 4500
008
161020b xxu||||| |||| 00| 0 eng d
100
_9
903
_a
Sharma.C.P.
245
_a
Social Science-6
260
_a
New Delhi
_b
Prachi Publications
_c
2012
999
_c
3557
_d
3557